| 000 | 00711caa a22001572a 4500 | ||
|---|---|---|---|
| 001 | 020248 | ||
| 003 | AR-FADEU | ||
| 008 | 311216n########xxu####################dd | ||
| 092 |
_a320.5 _bH868 |
||
| 100 | _aAhumada Beltrán, Consuelo | ||
| 245 | _aLa hegemonía de Estados Unidos y el conflicto sociopolítico en la región andina | ||
| 300 | _aPP. 95-112 | ||
| 500 | _aEn: Filosofía y teorías políticas entre la crítica y la utopía / comp. Guillermo Hoyos Vásquez. Buenos Aires : CLACSO, 2007 | ||
| 942 | _cBDGR | ||
| 999 |
_c25972 _d25972 |
||
| 773 | 0 |
_025965 _925095 _aHoyos Vásquez, Guillermo, comp. _b _dBuenos Aires _o4605 _tFilosofía y teorías políticas entre la crítica y la utopía _w( AR-FADEU) 020241 _x _z978-987-1183-75-3 |
|